000
00196 a2200097 4500
001
11116
100
_a
Prasad, R.
245
_a
India Divided
260
_a
_b
Book Traders
_c
090
_c
8671
_d
8671
942
_a
NUST-CAE
_c
M
_c
35457
999
_c
246189
_d
246189